000 00513nam a22001817a 4500
020 _a9789698535155
040 _c0
082 _2297.5
_bISL
245 _aاسلام کا خاندانی نظام
_cby احمدالعسال ودیگر
246 _aIslam ka khandani nizam
260 _aIslamabad:
_bNUST publishing;
_c2015.
300 _a452 p.
_c22 cm.
650 _2Islamic ethics
650 _2Moral theology
700 1 _aButti, Amjid Ali
_913800
700 1 _aAhmed Al Asaal.
_913801
942 _2ddc
_cBK
999 _c608002
_d608002